000 nam a22 7a 4500
999 _c150609
_d150607
005 20190823121408.0
008 190823b sp ||||| |||| 00| 0 spa d
020 _a8471629542
050 0 4 _aKKT2469
_bR66 1984
100 1 _aRomero Coloma, Aurelia Ma.
245 1 0 _aDerecho a la información y libertad de expresión
_b: especial consideración al proceso penal
_c/ Aurelia Ma. Romero Coloma.
250 _a1a ed.
260 _aBarcelona, España :
_bBosch Casa Editorial,
_c1984.
300 _a94 p. ;
_c22 cm.
504 _aIncluye bibliografía e índice.
650 7 _2lemb
_aLibertad de información
_zEspaña
650 4 _aLibertad de expresión
_zEspaña
650 7 _2lemb
_aLibertad de prensa
_zEspaña
650 7 _2lemb
_aDerecho a la privacidad
_xDisposiciones penales
_zEspaña
942 _2lcc
_cLIB